Statistiques concernant Les couleurs des équipes du tournoi des 6 nations.

Cliquez ici pour prendre le quiz!

Statistiques générales

  • Ce quiz a été pris 46 fois
  • Le résultat moyen est 17 sur 18

Statistiques - réponses

HintCouleur% Correct
ANGLETERREMaillotBlanc
100%
ANGLETERREShortBlanc
100%
ECOSSEShortBlanc
98%
ECOSSEMaillotBleu
98%
FRANCEShortBlanc
95%
PAYS DE GALLESShortBlanc
95%
ECOSSEChaussettesBleu
95%
FRANCEMaillotBleu
95%
PAYS DE GALLESChaussettesRouge
95%
PAYS DE GALLESMaillotRouge
95%
IRLANDEMaillotVert
95%
IRLANDEShortBlanc
93%
ITALIEShortBlanc
93%
ITALIEMaillotBleu
93%
IRLANDEChaussettesVert
93%
ITALIEChaussettesBleu
90%
FRANCEChaussettesRouge
90%
ANGLETERREChaussettesBleu
75%

Distribution des résultats

Percentile par nombre de réponses

% des personnes avec chaque résultat

Votre développement - résultats

Vous n’avez pas pris ce quiz